Hradec Králové Journal of Anglophone Studies Reviewed Academic Journal

Uložené v:
Podrobná bibliografia
Médium: Seriál
Jazyk:English
Vydavateľské údaje: Hradec Králové University of Hradec Králové
Tagy: Pridať tag
Žiadne tagy, Buďte prvý, kto otaguje tento záznam!

MARC

LEADER 00000nas1a2200000 4500
001 0249973
005 20210108090719.0
022 |a 2571-032X 
022 |a 2336-3347 
041 0 |a eng 
044 |a CZ 
245 1 0 |a Hradec Králové Journal of Anglophone Studies  |b Reviewed Academic Journal 
264 1 |a Hradec Králové  |b University of Hradec Králové